000 00384nam a22001697a 4500
003 NUST
020 _a9788189922559
038 _aKhadija
082 _a620.11223
_bKUM
100 _aKumar,Yogesh
_982961
245 _aCorrosion Engineering
260 _aNew Delhi :
_bVenus Books,
_c2014.
300 _a281 p. ;
_b23 cm.
500 _aPaperback.
563 _aPB
942 _cBK
_2ddc
999 _c34054
_d34054